000 01005nam a22002657a 4500
999 _c19097
_d19097
005 20251125232913.0
008 s2544 th tha d
020 _a9749008332
040 _aNALT
041 _atha
100 0 _aสัญญา บัวเจริญ
245 1 0 _aการสอบสวนคดีในอำนาจศาลเยาวชนและครอบครัว
260 3 _aม.ป.ท. :
_bม.ป.พ.,
_c2544
300 _a91 หน้า :
_b แผนภูมิ, ตาราง ;
_c 29 ซม.
650 0 4 _aการสอบสวน
650 0 4 _aคดีครอบครัว
650 0 4 _aสถานพินิจ
650 0 4 _aเด็ก -- การสอบสวน
650 0 4 _aคดีเด็ก
850 _aNALT
856 4 0 _uhttps://hdl.handle.net/20.500.14156/302639
_71
942 _cLB
_2lcc
998 _j25
_k นีลวัสน์ อินทรักษา
090 _aKG114 ส556ก 2544